00801nam a2200217 i 4500001000300000245013700003260005200140300002100192500003700213504002900250650002400279700003100303700003100334020002200365020002900387040000800416041000800424080001200432008004100444856009800485bg00aEncyklopedia "białych plam".nT.6,pEvola Julius - gestapo /c[red. Mirosław Fijołek et al. ; aut. haseł Jacek Bartyzel et al.]. aRadom :bPolskie Wydaw. Encyklopedyczne,c2001. a320 s. ;c24 cm. aNa okł. i grzb. tyt. t.: ev-ge. aBibliogr. przy hasłach. 9aEncyklopedia polska1 aFIJOŁEK, Mirosław.eRed.1 aBARTYZEL, Jacekd(1956- ). a8388822055 (t. 6) a8391206807 (całość) cBPK0 apol a0/9(03) s pl f |000 0 pol  uhttp://koha.tu.koszalin.pl/cgi-bin/koha/opac-detail.pl?biblionumber=43535yKatalog online BPK